Współczesne państwa graniczące z ZSRR - Statystyki

Ogólne statystyki
  • Ten quiz został rozwiązany 122 razy
  • Średni wynik to 10 z 12
Statystyki odpowiedzi
Państwo % Poprawnych
Polska
100%
Chiny
97%
Finlandia
94%
Rumunia
92%
Korea Północna
88%
Mongolia
87%
Turcja
84%
Słowacja
82%
Iran
81%
Afganistan
79%
Węgry
69%
Norwegia
68%
Nie znaleziono quizów pasujących do podanych kryteriów
Rozkład punktacji
Procent ludzi z każdym wynikiem
Percentyl według liczby udzielonych odpowiedzi
Twoja historia wyników
Nie rozwiązałeś tego quizu